opac header image

Fundamentals of Space Systems (Record no. 36635)

MARC details
000 -LEADER
fixed length control field 00264 a2200109 4500
005 - DATE AND TIME OF LATEST TRANSACTION
control field 20251226171157.0
020 ## - INTERNATIONAL STANDARD BOOK NUMBER
International Standard Book Number 978-0195074970
100 ## - MAIN ENTRY--PERSONAL NAME
Personal name Pisacane, Vincent L.
245 ## - TITLE STATEMENT
Title Fundamentals of Space Systems
260 ## - PUBLICATION, DISTRIBUTION, ETC. (IMPRINT)
Name of publisher, distributor, etc. Oxford University Press
Date of publication, distribution, etc. 1994
942 ## - ADDED ENTRY ELEMENTS (KOHA)
Koha item type Book

No items available.